Supernatural. The complete eleventh season / ... Read More
Available copies
- 1 of 1 copy available at LARL/NWRL Consortium.
Current holds
0 current holds with 1 total copy.
Show Only Available Copies
| Location | Call Number / Copy Notes | Barcode | Shelving Location | Status | Due Date |
|---|---|---|---|---|---|
| Godel Memorial-Warren Library | DVD SUP (Text) | 35500006336711 | Main | Available | - |
Record details
- Physical Description: 6 videodiscs (970 min.) : sound, color ; 4 3/4 in.
- Publisher: Burbank, California : Warner Bros. Entertainment, [2016]
- Copyright: ℗♭2015
Content descriptions
| General Note: | Title from container. Widescreen (1.78:1) Special features: Jensen Ackles on directing "The Bad Seed"; On set with SPN: the real fan contest; ... Read More |
| Formatted Contents Note: | Disc 1. Out of the darkness, into the fire ; Form ... Read More |
| Participant or Performer Note: | Jared Padalecki, Jensen Ackles, Misha Collins, ... Read More |
| Date/Time and Place of an Event Note: | Originally broadcast by the CW 2015-2016. |
| Summary, etc.: | Season eleven plunges Sam and Dean Winchester ... Read More |
| Target Audience Note: | CHV rating: 14A. |
| System Details Note: | DVD; NTSC, region 1; widescreen (1.78:1); Dolby ... Read More |
| Language Note: | English or Portuguese dialogue; Spanish, French, ... Read More |
Search for related items by subject
| Subject: | Supernatural > Drama. Good and evil > Drama. Brothers > Drama. Demonology > Drama. |
| Genre: | Television series. Fiction television programs. Fantasy television programs. Horror television programs. Action and adventure television programs. |
| Topic Heading: | Closed-captioned DVDs. |
Search for related items by series
| LDR | 04529cgm a2200769Ii 4500 | ||
|---|---|---|---|
| 001 | 336958 | ||
| 003 | LARL_NWRL_CONSORTIUM | ||
| 005 | 20191223141506.0 | ||
| 007 | vd cvaizq | ||
| 008 | 160725p20162015cau970 vleng d | ||
| 024 | 1 | 0. | ‡a883929524402 |
| 028 | 4 | 1. | ‡a1000586249 ‡bWarner Bros. |
| 028 | 4 | 1. | ‡a2000117526 ‡bWarner Bros. ‡q(disc 1) |
| 028 | 4 | 1. | ‡a2000117527 ‡bWarner Bros. ‡q(disc 2) |
| 028 | 4 | 1. | ‡a2000117528 ‡bWarner Bros. ‡q(disc 3) |
| 028 | 4 | 1. | ‡a2000117529 ‡bWarner Bros. ‡q(disc 4) |
| 028 | 4 | 1. | ‡a2000117530 ‡bWarner Bros. ‡q(disc 5) |
| 028 | 4 | 1. | ‡a2000117531 ‡bWarner Bros. ‡q(disc 6) |
| 028 | 4 | 1. | ‡a3000069735 ‡bWarner Bros. ‡q(container) |
| 033 | 2 | 1. | ‡a2015---- ‡a2016---- ‡b3700 |
| 035 | . | ‡a(OCoLC)953972448 | |
| 037 | . | ‡bMidwest Tape ‡nhttp://www.midwesttapes.com | |
| 040 | . | ‡aTEFMT ‡beng ‡erda ‡cTEFMT ‡dOCLCO ‡dTEF ‡dOCLCO ‡dWIM ‡dIQ2 ‡dGK8 ‡dOCLCO ‡dOCLCF ‡dGZD | |
| 041 | 1 | . | ‡aeng ‡apor ‡jspa ‡jfre ‡jeng ‡jchi ‡jtha ‡jpor ‡heng |
| 082 | 0 | 4. | ‡a791.45/75 ‡223 |
| 245 | 0 | 0. | ‡aSupernatural. ‡nThe complete eleventh season / ‡cKripke Enterprises ; producer, Todd Aronauer ; created by Eric Kripke. |
| 257 | . | ‡aUnited States ‡2naf | |
| 264 | 1. | ‡aBurbank, California : ‡bWarner Bros. Entertainment, ‡c[2016] | |
| 264 | 4. | ‡c℗♭2015 | |
| 300 | . | ‡a6 videodiscs (970 min.) : ‡bsound, color ; ‡c4 3/4 in. | |
| 336 | . | ‡atwo-dimensional moving image ‡btdi ‡2rdacontent | |
| 337 | . | ‡avideo ‡bv ‡2rdamedia | |
| 338 | . | ‡avideodisc ‡bvd ‡2rdacarrier | |
| 344 | . | ‡adigital ‡boptical ‡gsurround ‡hDolby digital 5.1 ‡2rda | |
| 347 | . | ‡avideo file ‡bDVD video ‡2rda | |
| 380 | . | ‡aTelevision program. | |
| 490 | 0 | . | ‡aSupernatural ; ‡vSeason 11 |
| 538 | . | ‡aDVD; NTSC, region 1; widescreen (1.78:1); Dolby digital 5.1. | |
| 546 | . | ‡aEnglish or Portuguese dialogue; Spanish, French, Chinese, Thai or Portuguese subtitles; English subtitles for the deaf and hard of hearing. (Some language choices not listed on container.) | |
| 500 | . | ‡aTitle from container. | |
| 511 | 1 | . | ‡aJared Padalecki, Jensen Ackles, Misha Collins, Mark A. Sheppard. |
| 518 | . | ‡aOriginally broadcast by the CW 2015-2016. | |
| 500 | . | ‡aWidescreen (1.78:1) | |
| 521 | 8 | . | ‡aCHV rating: 14A. |
| 520 | . | ‡aSeason eleven plunges Sam and Dean Winchester (Jared Padalecki and Jensen Ackles) into extreme peril as they face The Darkness, a sinister new menace unleashed upon the Earth. They continue their monster-hunting missions, battling the usual werewolves, black-eyed demons and even a vengeful ghost in a stuffed bunny costume, but with a sharp new focus: destroy The Darkness. Needing all the help they can get, the brothers turn to fallen angel Castiel (Misha Collins); King of Hell Crowley (Mark A. Sheppard); and even an unassuming God (Rob Benedict) -- only to come face to face with Lucifer and Crowley's power-hungry witch mother, Rowena (Ruth Connell). | |
| 505 | 0 | 0. | ‡gDisc 1. ‡tOut of the darkness, into the fire ; ‡tForm and void ; ‡tThe bad seed ; ‡tBaby -- ‡gdisc 2. ‡tThin Lizzie ; ‡tOur little world ; ‡tPlush ; ‡tJust my imagination -- ‡gdisc 3. ‡tO brother where art thou? ; ‡tThe devil in the details ; ‡tInto the mystic ; ‡tDon't you forget about me -- ‡gdisc 4. ‡tLove hurts ; ‡tThe vessel ; ‡tBeyond the mat ; ‡tSafe house -- ‡gdisc 5. ‡tRed meat ; ‡tHell's angel ; ‡tThe chitters ; ‡tDon't call me Shurley -- ‡gdisc 6. ‡tAll in the family ; ‡tWe happy few ; ‡tAlpha and omega. |
| 500 | . | ‡aSpecial features: Jensen Ackles on directing "The Bad Seed"; On set with SPN: the real fan contest; the Winchester mythology: shedding light on the darkness; Digital magic: enhancing the sets with VFX; 2015 comic-con panel; audio commentaries; deleted scenes; gag reel. | |
| 650 | 0. | ‡aSupernatural ‡vDrama. ‡0(LARL_NWRL_CONSORTIUM)175344 | |
| 650 | 0. | ‡aGood and evil ‡vDrama. ‡0(LARL_NWRL_CONSORTIUM)169143 | |
| 650 | 0. | ‡aBrothers ‡vDrama. ‡0(LARL_NWRL_CONSORTIUM)163777 | |
| 650 | 0. | ‡aDemonology ‡vDrama. | |
| 655 | 7. | ‡aTelevision series. ‡2lcgft ‡0(LARL_NWRL_CONSORTIUM)175797 | |
| 655 | 7. | ‡aFiction television programs. ‡2lcgft ‡0(LARL_NWRL_CONSORTIUM)175627 | |
| 655 | 7. | ‡aFantasy television programs. ‡2lcgft ‡0(LARL_NWRL_CONSORTIUM)175667 | |
| 655 | 7. | ‡aHorror television programs. ‡2lcgft ‡0(LARL_NWRL_CONSORTIUM)175716 | |
| 655 | 7. | ‡aAction and adventure television programs. ‡2lcgft ‡0(LARL_NWRL_CONSORTIUM)175838 | |
| 690 | . | ‡aClosed-captioned DVDs. | |
| 700 | 1 | . | ‡aAronauer, Todd, ‡etelevision producer. |
| 700 | 1 | . | ‡aKripke, Eric, ‡ecreator. ‡0(LARL_NWRL_CONSORTIUM)214843 |
| 700 | 1 | . | ‡aPadalecki, Jared, ‡d1982- ‡eactor. ‡0(LARL_NWRL_CONSORTIUM)209189 |
| 700 | 1 | . | ‡aAckles, Jensen, ‡eactor. ‡0(LARL_NWRL_CONSORTIUM)214680 |
| 700 | 1 | . | ‡aCollins, Misha, ‡eactor. ‡0(LARL_NWRL_CONSORTIUM)217913 |
| 700 | 1 | . | ‡aSheppard, Mark, ‡d1964- ‡eactor. |
| 710 | 2 | . | ‡aKripke Enterprises, ‡eproduction company. |
| 710 | 2 | . | ‡aWarner Bros. Entertainment, ‡epublisher. ‡0(LARL_NWRL_CONSORTIUM)191744 |
| 710 | 2 | . | ‡aWarner Home Video (Firm), ‡efilm distributor. ‡0(LARL_NWRL_CONSORTIUM)139520 |
| 730 | 0 | . | ‡aSupernatural (Television program : 2005- ). ‡0(LARL_NWRL_CONSORTIUM)156955 |
| 901 | . | ‡a336958 ‡b ‡c336958 ‡tbiblio | |

Add to basket
Permalink
Disable Highlighting